• 首页
  • 本馆介绍
  • 公告通知
  • 最新文献
  • 馆藏检索
  • 电子资源
  • 读者导购
  • 参考咨询
  • 我的图书馆
  • 登录
  • 详细信息显示
  • 放入我的书架
  • 预约/预借图书
  • 作者相关作品
  • 分类相关作品
  • 丛书相关作品
  • 出版社相关作品

书目信息

  • 表格格式
  • 工作单格式
  • 卡片格式
题名:
教育评价
    
 
作者: 王景英 主编
分册:  
出版信息: 北京   中央广播电视大学出版社  2004
页数: 439页
开本: 24cm
丛书名:
单 册:
中图分类: G449.7
科图分类:
主题词: 教育评估--电视大学--教材 , 教育评估
电子资源:
ISBN: 978-7-304-02632-5
000 00855nam0 2200253 45
001 1338854484
005 20130513173552.48
010    @a978-7-304-02632-5@dCNY36.00
100    @a20130108d2004 em y0chiy0110 ea
101 0  @achi
102    @aCN@b110000
105    @ay z 000yy
106    @ar
200 1  @a教育评价@AJiao Yu Ping Jia@f王景英主编@FWang Jing Ying Zhu Bian
210    @a北京@c中央广播电视大学出版社@d2004
215    @a439页@d24cm
300    @a教育部人才培养模式改革和开放教育试点教材
330    @a本书介绍了教育评价的一般理论、教育评价的实施、教育评价信息的统计分析和结果处理、教师教学评价、学校管理工作评价、区域教育等等。
606 0  @a教育评估@x电视大学@j教材
606 0  @a教育评估
690    @aG449.7@v5
701  0 @a王景英@AWang Jing Ying@g(女,@4主编
801    @aCN@bTANGWEI@c20130108
905    @b0828736-40@dG449.7@e204@f5
    
    教育评价/王景英主编.-北京:中央广播电视大学出版社,2004
    439页;24cm
    教育部人才培养模式改革和开放教育试点教材
    
    ISBN 978-7-304-02632-5:CNY36.00
    本书介绍了教育评价的一般理论、教育评价的实施、教育评价信息的统计分析和结果处理、教师教学评价、学校管理工作评价、区域教育等等。
●
相关链接 在E读中查询图书 在五车中查询图书 在当当中查询图书 在豆瓣中查询图书


正题名:教育评价     索取号:G449.7/204         预约/预借

序号 登录号 条形码 馆藏地/架位号 状态 备注
1 0828736   208287361   第一样本阅览室/ [索取号:G449.7/204] 在馆    
2 0828737   208287370   第四借阅区/ [索取号:G449.7/204] 在馆    
3 0828738   208287389   第四借阅区/ [索取号:G449.7/204] 在馆    
4 0828739   208287398   教育系资料室/ [索取号:G449.7/204] 在馆    
5 0828740   208287405   教育系资料室/ [索取号:G449.7/204] 在馆    
唐山师范学院图书馆 欢迎您!
大连网信软件有限公司© 版权所有